000 00297nam a2200109Ia 4500
008 201223s9999 xx 000 0 und d
100 _aChakrabarti, Dilip Kumar
245 0 _a(The) External trade of the Indus civilization
260 _aNew Delhi
_bMunshiram Manoharlal
300 _a180
942 _cBK
999 _c8523
_d8523